000 00572nam a2200193Ia 4500
003 IN-BaIIA
008 211028s9999 xx 000 0 eng d
020 _a0-08-020566-6
040 _cIIA Library
080 _a063:523.34
_bLSI-3
110 _aThe Lunar Science Institute
_99453
245 0 _aPhysical Studies
_bvol. 3
_cThe Lunar Science Institute
260 _aNew York
_bPergamon Press
_c1975
300 _a2427-3637p.
650 _aAstronomy and Astrophysics Thesaurus
650 _aMineralogy
_9183
650 _aPetrology
_99454
942 _cBK
999 _c5437
_d5437